000 00236nam a22000857a 4500
008 160820b xxu||||| |||| 00| 0 eng d
100 _9189
_aMaanu Graphics
245 _aSikhism, Buddhism and Hinduism
260 _aNew Delhi
_bMaanu Graphics
_c170
999 _c2847
_d2847